Generating sequence diagrams from code

Guardado en:
Detalles Bibliográficos
Autor principal: Delinčák, Matej (Autor)
Otros Autores: Lang, Ján (Orientador)
Formato: Manuscrito Libro
Lenguaje:eslovaco
inglés
Publicado: 2024
Materias:
Acceso en línea:http://is.stuba.sk/zp/portal_zp.pl?podrobnosti=177062
Etiquetas: Agregar Etiqueta
Sin Etiquetas, Sea el primero en etiquetar este registro!

MARC

LEADER 00000ntm a22000003a 4500
001 stuzp100112
003 SK-STU
005 20240608213344.9
007 ta
008 150427s2015----xo-----f-mn---000-0-slo-d
040 |a STU  |b slo 
041 0 |a eng 
100 1 |a Delinčák, Matej  |u 070200  |4 aut  |U FIIT Fakulta informatiky a informačných technológií  |T FIIT Ústav informatiky, informačných systémov a softvérového inžinierstva  |X 102895  |U I200  |Y 179  |7 102895 
242 0 1 |a Generovanie diagramu sekvencií z kódu  |y slo 
245 1 0 |a Generating sequence diagrams from code 
260 |c 2024 
650 4 |a diagram sekvencií  |2 slo 
650 4 |a statické generovanie  |2 slo 
650 4 |a prípad použitia  |2 slo 
650 4 |a sequence diagram  |2 eng 
650 4 |a static generation  |2 eng 
650 4 |a use case  |2 eng 
700 1 |a Lang, Ján  |u 070200  |k Z1  |4 ths  |U FIIT Fakulta informatiky a informačných technológií  |T FIIT Ústav informatiky, informačných systémov a softvérového inžinierstva  |X 60247  |U I200  |Y 179  |7 60247 
856 4 |u http://is.stuba.sk/zp/portal_zp.pl?podrobnosti=177062